Les pays les moins tolérants en matière de religion - Statistiques

Statistiques générales
  • Ce quiz a été pris 652 fois
  • Le résultat moyen est 25 sur 41
Statistiques - réponses
Rang Indice Pays du moins au plus tolérant % Correct
7 8,0 Algérie
85%
1 8,9 Chine
85%
20 7,0 Maroc
83%
6 8,1 Russie
83%
12 7,8 Arabie saoudite
82%
2 8,4 Iran
81%
37 5,4 Inde
80%
29 6,4 Irak
80%
28 6,5 Afghanistan
78%
41 5,1 Tunisie
77%
26 6,6 Pakistan
75%
36 5,5 Israël
74%
17 7,1 Turquie
74%
7 8,0 Egypte
73%
3 8,3 Syrie
73%
10 7,9 Indonésie
70%
35 5,6 Qatar
70%
33 5,8 Emirats arabes unis
66%
24 6,7 Soudan
64%
37 5,4 Oman
62%
17 7,1 Kazakhstan
61%
10 7,9 Turkménistan
60%
7 8,0 Ouzbékistan
59%
32 6,1 Koweït
58%
23 6,8 Azerbaïdjan
57%
3 8,3 Malaisie
56%
15 7,5 Tadjikistan
56%
39 5,3 Jordanie
55%
24 6,7 Mauritanie
53%
31 6,2 Bahreïn
50%
34 5,7 Kirghizistan
49%
13 7,6 Vietnam
49%
21 6,9 Birmanie
45%
21 6,9 Laos
45%
29 6,4 Biélorussie
42%
26 6,6 Brunei
38%
17 7,1 Singapour
36%
13 7,6 Erythrée
34%
5 8,2 Maldives
34%
16 7,4 Comores
33%
39 5,3 Bulgarie
18%
Aucun quiz correspondant
Distribution des résultats
% des personnes avec chaque résultat
Percentile par nombre de réponses
Votre historique - résultats
Vous n’avez pas pris ce quiz